Haute-Loire - mort subite - Statistiques

Statistiques générales
  • Ce quiz a été pris 26 fois
    12 depuis la dernière actualisation
  • Le résultat moyen est 9 sur 18
Answers on the Grid
Answers color-coded by a green-red scale on the quiz's grid according to % correct below.
Saint-Étienne
Le Rhône
Orléans
Salé
Vichy
Une frontière avec la Lozère
Mont Mézenc
L'Allier
Un territoire libéré par la Résistance en 1944
Sainte-Sigolène
Arlempdes
Une cathédrale
Des aigles bottés
Le Puy-en-Velay
Le sommet du Puy de Dôme
Les lentilles vertes du Puy
Sauce
La source de la Loire
Monistrol-sur-Loire
Parc naturel de la Chevreuse
Chontales
Ife
Les Altiligériens
Saint-Michel d'Aiguilhe
Roboré
Yssingeaux
Ségou
Des nyctales de Tengmalm
Du territoire de l'Auvergne
Nacaome
Du territoire de l'ancienne province de Languedoc
Saint-Didier-en-Velay
Une zone occupée par les Wurtembergeois en 1815
Vicence
Hamble-le-Rice
Oubri
 
Statistiques - réponses
Réponse % Correct
Le Puy-en-Velay
100%
Les lentilles vertes du Puy
88%
1753 m Mont Mézenc
88%
Le Puy Une cathédrale
88%
Sainte-Sigolène
75%
Une frontière avec la Lozère
75%
Arlempdes
50%
Monistrol-sur-Loire
50%
Saint-Didier-en-Velay
50%
Yssingeaux
50%
Du territoire de l'ancienne province de Languedoc
38%
Du territoire de l'Auvergne
38%
Chapelle Saint-Michel d'Aiguilhe
38%
Avec l'aide des parachutages d'avions alliés Un territoire libéré par la Résistance en 1944
38%
(Chouette de Tengmalm/chouette boréale) Des nyctales de Tengmalm
25%
Riverains de la Haute-Loire Les Altiligériens
25%
L'été Des aigles bottés
13%
L'Allier
13%
Aucun quiz correspondant
Distribution des résultats
% des personnes avec chaque résultat
Percentile par nombre de réponses
Votre historique - résultats
Vous n’avez pas pris ce quiz depuis la dernière actualisation